Rain - MIKA (all lyrics) - Statistics

General Stats
  • This quiz has been taken 29 times
  • The average score is 324 of 420
Answer Stats
Answer % Correct
I
100%
it
100%
a
93%
and
93%
day
93%
rain
93%
Is
87%
is
87%
When
87%
when
87%
every
80%
in
80%
me
80%
necessary
80%
ordinary
80%
single
80%
This
80%
this
80%
to
80%
way
80%
You
80%
you
80%
Baby,
73%
baby
73%
Baby
73%
be
73%
can't
73%
Can't
73%
even
73%
I'm
73%
know
73%
rains
73%
really
73%
the
73%
back
67%
broken
67%
get
67%
hate
67%
like
67%
more
67%
More
67%
possible
67%
what
67%
You're
67%
you're
67%
Caught
60%
cause
60%
'cause
60%
days
60%
do
60%
don't
60%
look
60%
making
60%
ready
60%
trap
60%
Trying
60%
whatever
60%
better
53%
did
53%
fool
53%
for
53%
life
53%
need
53%
on
53%
than
53%
that
53%
Was
53%
was
53%
who
53%
with
53%
all
47%
It's
47%
something
47%
There's
47%
unspoken
47%
we
47%
words
47%
if
40%
man
40%
mind
40%
move
40%
new
40%
not
40%
say
40%
wanted
40%
were
40%
After
33%
angry
33%
are
33%
away
33%
into
33%
leaving
33%
minds
33%
nothing
33%
our
33%
things
33%
'Til
33%
turn
33%
him
27%
spent
27%
Thought
27%
Well,
27%
years
27%
blame
20%
found
20%
hide
20%
used
20%
No matching quizzes found
Score Distribution
Percent of People with Each Score
Percentile by Number Answered
Your Score History
You have not taken this quiz